The world crisis ... (Record no. 553410)

000 -LEADER
fixed length control field 00594cam a2200169u 4500
082 ## - DEWEY DECIMAL CLASSIFICATION NUMBER
Classification number 940.4
Author Mark CHU
100 1# - MAIN ENTRY--PERSONAL NAME
Personal name Churchill, Winston,
9 (RLIN) 49036
245 14 - TITLE STATEMENT
Title The world crisis ...
260 ## - PUBLICATION, DISTRIBUTION, ETC.
Place of publication, distribution, etc. London,
Name of publisher, distributor, etc. T. Butterworth limited
Date of publication, distribution, etc. [1923-29]
300 ## - PHYSICAL DESCRIPTION
Extent 4 v. in 5.
Other physical details maps (part fold.) facsims. (part fold.) fold. tables, diagrs. (part fold.)
Dimensions 24 cm.
526 ## - STUDY PROGRAM INFORMATION NOTE
Program name 0
Interest level 0
Reading level 0
Title point value 940_400000000000000_CHU
650 #0 - SUBJECT ADDED ENTRY--TOPICAL TERM
Topical term or geographic name entry element Reconstruction (1914-1939)
9 (RLIN) 49761
650 #0 - SUBJECT ADDED ENTRY--TOPICAL TERM
Topical term or geographic name entry element World politics.
650 #0 - SUBJECT ADDED ENTRY--TOPICAL TERM
Topical term or geographic name entry element World War, 1914-1918
Geographic subdivision Great Britain.
9 (RLIN) 49303
650 #0 - SUBJECT ADDED ENTRY--TOPICAL TERM
Topical term or geographic name entry element World War, 1914-1918.
9 (RLIN) 28173
942 ## - ADDED ENTRY ELEMENTS (KOHA)
Source of classification or shelving scheme
Koha item type Book
Holdings
Withdrawn status Lost status Source of classification or shelving scheme Damaged status Not for loan Permanent Location Current Location Shelving location Date acquired Total Checkouts Full call number Barcode Date last seen Price effective from Koha item type
          Military College of Engineering (MCE) Military College of Engineering (MCE)   02/10/2015   940.4 CHU MCE-ECW / 88 02/10/2015 02/10/2015 Book
© 2023 Central Library, National University of Sciences and Technology. All Rights Reserved.